100 ideas that changed photography / (Record no. 28809)

MARC details
000 -LEADER
fixed length control field 01008cam a22002895i 4500
001 - CONTROL NUMBER
control field 016123031
003 - CONTROL NUMBER IDENTIFIER
control field EG-ScBUE
005 - DATE AND TIME OF LATEST TRANSACTION
control field 20200923142717.0
008 - FIXED-LENGTH DATA ELEMENTS--GENERAL INFORMATION
fixed length control field 120703s2012 enkac f b 001 0 eng d
020 ## - INTERNATIONAL STANDARD BOOK NUMBER
International Standard Book Number 9781856697965 (pbk.)
020 ## - INTERNATIONAL STANDARD BOOK NUMBER
International Standard Book Number 1856697967 (pbk.)
040 ## - CATALOGING SOURCE
Original cataloging agency StDuBDS
Language of cataloging eng
Description conventions rda
Transcribing agency StDuBDS
Modifying agency Uk
-- EG-ScBUE
082 04 - DEWEY DECIMAL CLASSIFICATION NUMBER
Classification number 770.9
Item number MAR
Edition number 22
100 1# - MAIN ENTRY--PERSONAL NAME
Personal name Marien, Mary Warner,
Relator term author.
245 10 - TITLE STATEMENT
Title 100 ideas that changed photography /
Statement of responsibility, etc Mary Warner Marien.
246 3# - VARYING FORM OF TITLE
Title proper/short title One hundred ideas that changed photography
246 3# - VARYING FORM OF TITLE
Title proper/short title Hundred ideas that changed photography
264 #1 - PUBLICATION, DISTRIBUTION, ETC. (IMPRINT)
Place of publication, distribution, etc London :
Name of publisher, distributor, etc Laurence King Publishing,
Date of publication, distribution, etc 2012.
300 ## - PHYSICAL DESCRIPTION
Extent 216 pages :
Other physical details illustrations (some color), portraits (some color) ;
Dimensions 27 cm
336 ## - CONTENT TYPE
Content type term text
Content type code txt
Source rdacontent
337 ## - MEDIA TYPE
Media type term unmediated
Media type code n
Source rdamedia
338 ## - CARRIER TYPE
Carrier type term volume
Carrier type code nc
Source rdacarrier
504 ## - BIBLIOGRAPHY, ETC. NOTE
Bibliography, etc Includes bibliographical references and index.
650 #7 - SUBJECT ADDED ENTRY--TOPICAL TERM
Topical term or geographic name as entry element Photography
General subdivision History.
Source of heading or term BUEsh
653 ## - INDEX TERM--UNCONTROLLED
Resource For college Communication and mass media
Arrived date list September2020
942 ## - ADDED ENTRY ELEMENTS (KOHA)
Source of classification or shelving scheme Dewey Decimal Classification
Koha item type Book - Borrowing
Holdings
Withdrawn status Lost status Source of classification or shelving scheme Damaged status Not for loan Collection code Home library Current library Shelving location Date acquired Source of acquisition Total Checkouts Total Renewals Full call number Barcode Date last seen Date checked out Price effective from Koha item type
    Dewey Decimal Classification     unknown Central Library Central Library Second Floor 23/09/2020 Purchase 3 2 770.9 MAR 000049757 15/07/2025 22/12/2024 23/09/2020 Book - Borrowing